000 00332 a2200145 4500
001 153611
040 _cEscola São Tomás de Aquino
100 _aVAZ, Fernando
240 1 0 _aO estranho Dr.Pimenta
_lpor
245 1 0 _aO estranho Dr.Pimenta
362 0 _a2001
440 1 _aSaraiva
697 _a*LITERATURA JUVENIL
942 _cBK
999 _c153611
_d153611